• Lecaldano E., Berlinguer G., Neri D., Oliverio A., Rufo F., Figà-Talamanca I., Botti C., Boccia M.L., Balistreri M., Borsellino P., Mitello L., Viafora C., Bartolommei S., Petrozzi M., Nebbia G., Di Mauro E., Spedini G., Conti P., Tagliagambe S

di Personal Name

Records bibliografici associati: 1

001 - CONTROL NUMBER

  • control field: 59473

003 - CONTROL NUMBER IDENTIFIER

  • control field:

005 - DATE AND TIME OF LATEST TRANSACTION

  • control field: 20230301144324.0

008 - FIXED-LENGTH DATA ELEMENTS

  • fixed length control field: 230301|| aca||aabn | a|a d

040 ## - CATALOGING SOURCE

  • Original cataloging agency:
  • Transcribing agency:

100 ## - HEADING--PERSONAL NAME

  • Personal name: Lecaldano E., Berlinguer G., Neri D., Oliverio A., Rufo F., Figà-Talamanca I., Botti C., Boccia M.L., Balistreri M., Borsellino P., Mitello L., Viafora C., Bartolommei S., Petrozzi M., Nebbia G., Di Mauro E., Spedini G., Conti P., Tagliagambe S

670 ## - SOURCE DATA FOUND

  • Source citation: Work cat.: ()211836: Botti Caterina, Rufo Fabrizio (a cura di) 59472, Bioetica: discipline a confronto., 2002
CREDITS: SOCIETA' SAN PAOLO Via A.Severo, 58 - ROMA (RM) & PERIODICI SAN PAOLO SRL Via Giotto, 36 MILANO & CISF Via Giotto, 36 MILANO & EDIZIONI SAN PAOLO SRL,  Piazza Soncino, 5 CINISELLO BALSAMO (MI) -- ITALY